Largest Cities In Rhode Island - Statistics

General Stats
  • This quiz has been taken 11 times
  • The average score is 10 of 20
Answer Stats
Rank Population Answer % Correct
1 179,435 Providence
100%
5 47,449 East Providence
70%
14 24,762 Newport
70%
4 71,756 Pawtucket
70%
6 41,539 Woonsocket
70%
2 81,196 Cranston
60%
3 81,079 Warwick
60%
9 32,459 North Providence
50%
10 30,735 South Kingstown
50%
15 22,624 Westerly
50%
7 34,652 Cumberland
40%
17 21,644 Lincoln
40%
18 21,630 Smithfield
40%
12 28,955 West Warwick
40%
16 22,234 Bristol
30%
19 19,382 Central Falls
30%
8 34,575 Coventry
30%
11 29,235 Johnston
30%
13 26,207 North Kingstown
30%
20 17,418 Portsmouth
20%
No matching quizzes found
Score Distribution
Percent of People with Each Score
Percentile by Number Answered
Your Score History
You have not taken this quiz